<?xml version="1.0" encoding="UTF-8"?><?xml-stylesheet type="text/xsl" href="static/style.xsl"?><OAI-PMH xmlns="http://www.openarchives.org/OAI/2.0/" xmlns:xsi="http://www.w3.org/2001/XMLSchema-instance" xsi:schemaLocation="http://www.openarchives.org/OAI/2.0/ http://www.openarchives.org/OAI/2.0/OAI-PMH.xsd"><responseDate>2026-06-03T02:09:29Z</responseDate><request verb="GetRecord" identifier="oai:riuma.uma.es:10630/39270" metadataPrefix="marc">https://riuma.uma.es/rest/oai/request</request><GetRecord><record><header><identifier>oai:riuma.uma.es:10630/39270</identifier><datestamp>2026-02-03T11:38:20Z</datestamp><setSpec>com_10630_2254</setSpec><setSpec>col_10630_37956</setSpec></header><metadata><record xmlns="http://www.loc.gov/MARC21/slim" xmlns:dcterms="http://purl.org/dc/terms/" xmlns:doc="http://www.lyncode.com/xoai" xmlns:xsi="http://www.w3.org/2001/XMLSchema-instance" xsi:schemaLocation="http://www.loc.gov/MARC21/slim http://www.loc.gov/standards/marcxml/schema/MARC21slim.xsd">
   <leader>00925njm 22002777a 4500</leader>
   <datafield ind2=" " ind1=" " tag="042">
      <subfield code="a">dc</subfield>
   </datafield>
   <datafield ind2=" " ind1=" " tag="720">
      <subfield code="a">Herrera-Pastor, David</subfield>
      <subfield code="e">author</subfield>
   </datafield>
   <datafield ind2=" " ind1=" " tag="720">
      <subfield code="a">De-Oña-Cots, José Manuel</subfield>
      <subfield code="e">author</subfield>
   </datafield>
   <datafield ind2=" " ind1=" " tag="260">
      <subfield code="c">2024-12</subfield>
   </datafield>
   <datafield ind2=" " ind1=" " tag="520">
      <subfield code="a">Tiene el presente texto la intención de exponer una experiencia&#xd;
desarrollada en una asignatura de la Facultad de Ciencias de la&#xd;
Educación de la Universidad de Málaga en la que se utilizó la investigación&#xd;
biográfica como estrategia didáctica para trabajar las&#xd;
bases pedagógicas de la atención a la diversidad y la educación&#xd;
inclusiva.&#xd;
A lo largo del texto se podrá conocer el desarrollo de la experiencia&#xd;
y se analizarán algunas de las potencialidades más&#xd;
destacadas que ofrece dicha estrategia didáctica, destacándose:&#xd;
la unión entre la teoría y la práctica, la vinculación con la futura&#xd;
realidad profesional, el contexto de aprendizaje (de aplicación&#xd;
de conocimiento), el desarrollo de competencias y aprendizajes&#xd;
relevantes, el carácter participativo y proactivo del alumnado, entre&#xd;
otras. Además, también se explicita la trascendencia tan extraordinaria&#xd;
que tuvo la experiencia de aprendizaje en dos alumnos.&#xd;
Dichos alumnos vivían de primera mano una situación de&#xd;
diversidad. El desarrollo metodológico de la asignatura supuso&#xd;
un proceso de empoderamiento y resiliencia que les transformó sustancialmente. Ese desarrollo se ilustra y examina a partir de&#xd;
los vívidos e impactantes testimonios de los protagonistas.&#xd;
En virtud de ello, se recalca la necesidad de profundizar en&#xd;
estilos y procesos formativos que abunden en modelos más experienciales&#xd;
y críticos, generando las condiciones educativas&#xd;
necesarias que faciliten el desarrollo de conocimientos y competencias&#xd;
por medio de la involucración responsable, creativa y&#xd;
transformadora.</subfield>
   </datafield>
   <datafield ind1="8" ind2=" " tag="024">
      <subfield code="a">Herrera, D. &amp; De Oña-Cots, J.M. (2024). Investigación biográfica: método de aprendizaje extraordinario. Dos casos de empoderamiento y resiliencia. En M.T. Castilla (coord.), Metodologías emergentes en educación superior, 109-123. Octaedro. https://octaedro.com/libro/metodologias-emergentes-en-educacion-superior/</subfield>
   </datafield>
   <datafield ind1="8" ind2=" " tag="024">
      <subfield code="a">https://hdl.handle.net/10630/39270</subfield>
   </datafield>
   <datafield ind1="8" ind2=" " tag="024">
      <subfield code="a">10.36006/09655-1</subfield>
   </datafield>
   <datafield tag="653" ind2=" " ind1=" ">
      <subfield code="a">Investigación activa en educación</subfield>
   </datafield>
   <datafield tag="653" ind2=" " ind1=" ">
      <subfield code="a">Educación inclusiva</subfield>
   </datafield>
   <datafield tag="653" ind2=" " ind1=" ">
      <subfield code="a">Profesores - Formación profesional</subfield>
   </datafield>
   <datafield ind2="0" ind1="0" tag="245">
      <subfield code="a">Investigación biográfica: método de aprendizaje extraordinario. Dos casos de empoderamiento y resiliencia</subfield>
   </datafield>
</record>
</metadata></record></GetRecord></OAI-PMH>